Chemické zloženie a štruktúrny stav živcových megakryštálov v alkalických bazaltoch južného Slovenska

Podrobná bibliografia
Hlavní autori: Huraiová, M. (Author), Hurai, V. (Author)
Médium: Článok
Jazyk:Slovak
Témy:
Zdroj: 1. Mineralia slovaca 1. Roč. 42, č. 2 (2010) 1. 0369-2086
2. Príl.: 2. Geovestník 2. Č. 2 (2010), s. 251
LEADER 00846nab#a2200301#ar4500
001 000103412
003 SVKKK
005 20101221141457.0
008 080509c2010 xo |||||||||||||||b|slo
FMT
015 |a SNBRB2010/12 
038 |a SVKKK 
040 |a SVKKK  |b slo  |e AACR2 
041 0 |a slo 
044 |a xo  |c SK 
080 |a 549.651.11  |2 1997 
100 1 |a Huraiová, M.  |4 aut 
245 1 0 |a Chemické zloženie a štruktúrny stav živcových megakryštálov v alkalických bazaltoch južného Slovenska  |c M. Huraiová, V. Hurai 
650 0 4 |a živce  |x megakryštály  |x alkalické bazalty 
700 1 |a Hurai, V.  |4 aut 
773 0 |t Mineralia slovaca  |g Roč. 42, č. 2 (2010)  |x 0369-2086 
773 0 |i Príl.:  |t Geovestník  |g Č. 2 (2010), s. 251 
974 |a Ni 
992 |a RBX 
BAS
852 |a SVKKK  |b BIB 
EXP
998 |a GEO